[Event "III Copa Marcel Duchamp 2019"]
[Site "Montevideo"]
[Date "2019.02.11"]
[Round "4.12"]
[White "Salinas Herrera, Pablo"]
[Black "Soto, Nicolas"]
[Result "1-0"]
[WhiteElo "2477"]
[BlackElo "1982"]
[Annotator "TA"]
[PlyCount "61"]
[EventDate "2019.02.09"]
[EventType "swiss"]
[EventCountry "URU"]
[SourceTitle "playchess.com"]
[Source "ChessBase"]
[SourceQuality "1"]

{[%evp 9,61,0,45,45,50,56,57,53,43,44,49,43,57,55,61,52,71,67,64,65,70,65,64,69,108,109,104,110,127,118,119,133,129,129,131,129,152,152,165,116,107,95,166,166,159,155,153,106,107,102,139,138,613,636]} 1. Nf3 Nf6 2. d4 d5 3. c4 c6 4. Nbd2 Bf5 5. Nh4 (5. Qb3 Qb6 6. Nh4 Be4 7. e3 e6 8. Be2 Be7 9. Nxe4 dxe4 10. g3 c5 11. Bd2 cxd4 12. exd4 Nc6 13. Bc3 O-O-O {1-0 (49) Mamedyarov,S (2808)-So,W (2778) Leuven 2018}) 5... Bg6 6. Qb3 {D11: Slav Defence: 3 Nf3 sidelines and 3...Nf6 4 e3 Bg4} Qc7 7. Nxg6 hxg6 8. g3 {White is slightly better.} e6 9. Bg2 Nbd7 10. O-O Qb6 11. Qd3 a5 $146 ({Predecessor:} 11... Qa6 12. b3 Ba3 {½-½ (31) Xu,Y (2443)-Ma,Q (2609) China 2015}) 12. cxd5 cxd5 13. e4 dxe4 14. Nxe4 Be7 15. Nc3 O-O 16. Rd1 Rad8 17. Qe2 Rfe8 18. Be3 Nd5 19. Nxd5 exd5 20. Bxd5 Nf6 21. Bb3 Nd5 22. Qf3 Qd6 23. Bd2 b6 24. Ba4 Rf8 25. Rac1 Rc8 (25... Bf6 $16) 26. Rxc8 $18 Rxc8 27. Bb3 $36 {[%mdl 2048] White is in control.} Rd8 28. Re1 {[#] Strongly threatening Bxd5.} Bf6 29. Re4 {Hoping for g4.} Qd7 30. g4 a4 $2 {[%mdl 8192]} (30... Nc7 $16) 31. Bxd5 $1 {Accuracy: White = 87%, Black = 58%.} 1-0

[Event "III Copa Marcel Duchamp 2019"]
[Site "Montevideo"]
[Date "2019.02.11"]
[Round "4.13"]
[White "Mussanti, Diego"]
[Black "Gomez Troccoli, Martin"]
[Result "1-0"]
[WhiteElo "2305"]
[BlackElo "1976"]
[Annotator "TA"]
[PlyCount "67"]
[EventDate "2019.02.09"]
[EventType "swiss"]
[EventCountry "URU"]
[SourceTitle "playchess.com"]
[Source "ChessBase"]
[SourceQuality "1"]

{[%evp 15,67,64,79,72,122,118,126,47,66,25,11,-80,-67,-82,-91,-65,-56,-76,58,55,68,0,0,-43,158,158,258,282,225,225,390,356,367,367,352,346,312,230,215,158,628,622,897,906,688,666,1729,1690,5414,5263,5406,884,836,820]} 1. e4 e6 2. d4 d5 3. Nc3 Bb4 4. e5 Qd7 5. Qg4 f5 6. Qg3 b6 7. Nh3 Ba6 8. Bxa6 Nxa6 9. Nf4 {C16: French: 3 Nc3 Bb4 4 e5: Lines without ...c5} Bxc3+ (9... O-O-O 10. O-O Bxc3 11. Qxc3 g5 12. Nd3 f4 13. a4 Nb8 14. b4 a6 15. Bd2 Qf7 16. a5 b5 {½-½ (33) Saglione,E (2529)-Mary,P (2537) ICCF email 2011}) 10. bxc3 ({But not} 10. Qxc3 $6 c5 $11) 10... Kf7 $146 {[#]} ({Predecessor:} 10... O-O-O 11. O-O Nb8 12. Rb1 Nc6 13. Qd3 Kb8 14. Qb5 Nge7 15. a4 g5 16. Nd3 f4 {1-0 (35) Romsdal,T-Johansen,J Norway 1992}) 11. h4 (11. Nh5 $1 $16 g6 12. Nf4) 11... Ne7 $1 $14 12. Ba3 c5 13. Bc1 (13. O-O $11 {remains equal.}) 13... Rac8 $17 14. O-O cxd4 15. cxd4 Rxc2 16. h5 Rhc8 {[#]} ({Better is} 16... Nc6 $17) 17. h6 $1 $14 {[%mdl 512]} Ng6 (17... gxh6 18. Qh3) 18. hxg7 (18. Nh5 $1 $14) 18... Nxf4 $15 19. Bxf4 Kg8 $2 (19... Nb4 $1 $15 {keeps the upper hand.}) 20. Qa3 $16 {Rfc1 is the strong threat.} Nb8 (20... Nc7 $16 {was called for.}) 21. Bh6 $18 {Threatening mate with Qf8+.} Qf7 22. Rac1 R2c4 $2 (22... Rxc1 23. Rxc1 Rxc1+ 24. Qxc1 Qe8) 23. Rxc4 dxc4 24. Rc1 b5 25. Qd6 Nc6 26. d5 $40 {[%mdl 128] White wants a kill.} exd5 27. e6 Qe7 $2 (27... Qf6 $16 28. Qd7 Rd8) 28. Qxd5 {[%mdl 64] Double Attack. White is clearly winning.} a6 29. Re1 c3 30. Qxf5 b4 31. Bg5 Nd4 32. Qd5 ({Not} 32. Bxe7 Nxf5 33. Bxb4 c2 $14) 32... Qc5 33. Qxc5 (33. Qd7 $142 Qc7 34. Qxd4) 33... Rxc5 34. e7 {Accuracy: White = 55%, Black = 43%.} 1-0

[Event "III Copa Marcel Duchamp 2019"]
[Site "Montevideo"]
[Date "2019.02.11"]
[Round "4.14"]
[White "Scarella, Enrique Alejandro"]
[Black "Siddeley, Hugh"]
[Result "1-0"]
[WhiteElo "2304"]
[BlackElo "1968"]
[Annotator "TA"]
[PlyCount "63"]
[EventDate "2019.02.09"]
[EventType "swiss"]
[EventCountry "URU"]
[SourceTitle "playchess.com"]
[Source "ChessBase"]
[SourceQuality "1"]

{[%evp 13,63,-14,0,-2,5,-25,-3,-4,20,18,19,19,19,9,20,25,20,25,25,16,144,145,149,154,151,147,147,147,152,145,140,139,229,174,226,225,225,225,250,206,354,345,382,377,356,348,381,350,440,452,486,478]} 1. Nf3 d5 2. c4 c6 3. d4 Nf6 4. Nc3 e6 5. Qd3 dxc4 6. Qxc4 b5 7. Qb3 a6 8. Bg5 {D43: Semi-Slav: 5 Bg5 h6} Be7 (8... c5 9. Rd1 Nbd7 10. dxc5 Bxc5 11. e3 Qb6 12. Bd3 h6 13. Bh4 Bb7 14. O-O Be7 15. Qc2 Rc8 {½-½ (93) Sarana,A (2618)-Fakhrutdinov,T (2481) St Petersburg 2018}) 9. g3 c5 $146 ({Predecessor:} 9... Bb7 10. Bg2 Nbd7 11. Rd1 Nd5 12. Bd2 c5 13. O-O O-O 14. a3 Nxc3 15. bxc3 c4 16. Qc2 Bxa3 17. Ng5 {1-0 (17) Ruiz Molina,G (1899)-Alonso Gomez,A (1689) Maresme 2017}) 10. dxc5 {The position is equal.} Bxc5 11. Ne4 Be7 12. Nxf6+ Bxf6 13. Rd1 Qa5+ 14. Bd2 Qa4 15. Qxa4 bxa4 16. Bg2 O-O (16... Nd7 $11) 17. Bb4 $16 Re8 18. Ne5 $36 {[%mdl 2048] Black is under strong pressure.} Ra7 {[#]} 19. Bc5 $1 {[%cal Rc5a7]} Rb7 20. Bxb7 Bxb7 21. Nf3 Bxb2 {[#]} 22. O-O $1 a3 (22... Bc6 $16 {was called for.} 23. Rd2 Bf6) 23. Rd3 Bd5 (23... Be4 $142) 24. Bxa3 $18 Bf6 25. Rd2 Nc6 26. Bb2 Bxf3 (26... Be7 $142 27. Rc1 Rb8) 27. exf3 Ne5 28. Bxe5 Bxe5 29. Rfd1 Bf6 30. Rd6 a5 31. Ra6 Bc3 32. Rd3 {Accuracy: White = 79%, Black = 16%.} 1-0

[Event "III Copa Marcel Duchamp 2019"]
[Site "Montevideo"]
[Date "2019.02.11"]
[Round "4.15"]
[White "Coro, Lucas"]
[Black "Muzzi, Eduardo"]
[Result "1-0"]
[WhiteElo "2284"]
[BlackElo "1954"]
[Annotator "TA"]
[PlyCount "53"]
[EventDate "2019.02.09"]
[EventType "swiss"]
[EventCountry "URU"]
[SourceTitle "playchess.com"]
[Source "ChessBase"]
[SourceQuality "1"]

{[%evp 16,53,34,41,41,39,38,26,60,41,53,23,79,48,45,41,46,39,44,-45,-42,-18,-6,-108,103,110,783,350,348,312,462,444,431,345,758,762,1198,1161,1653,387]} 1. e4 {[%cal Be2e4,Be4e5][%mdl 32]} e6 2. d4 d5 3. Nd2 Nf6 4. e5 Nfd7 5. c3 c5 6. Bd3 Nc6 7. Ne2 Be7 8. O-O {C06: French Tarrasch: 3...Nf6 4 e5 Nfd7 5 Bd3 main lines} a5 9. f4 {LiveBook: 9 Games} g6 (9... cxd4 10. cxd4 Nb6 11. Nf3 Bd7 12. g4 a4 13. f5 Nb4 14. Ng3 Nxd3 15. Qxd3 g6 {1-0 (36) Navara,D (2718)-Bischoff,K (2504) Germany 2014}) 10. Nf3 {White is slightly better.} cxd4 11. cxd4 Nb4 12. Bb1 Nb6 {[%cal Bd7b6,Bb6c4,Bc4b2][%mdl 32]} 13. g4 $146 ({Predecessor:} 13. Nc3 Bd7 14. a3 Na6 15. b3 a4 16. Bd3 Rc8 17. Bd2 axb3 18. Qxb3 {1-0 (25) Sokolov,A (2572)-Guggenberger,G (2054) Bad Wiessee 2006}) 13... Bd7 (13... h5 $11 {keeps the balance.}) 14. Ng3 a4 {[%cal Ba5a4,Ba4a3][%mdl 32]} 15. f5 Nc4 16. Rf2 Qb6 17. Ng5 (17. f6 $14 Bd8 18. Ne2) 17... a3 $15 18. b3 Nb2 $1 {[%cal Rb2d1]} 19. Qd2 (19. Qf3 $11 {remains equal.} gxf5 20. Nxf7 (20. gxf5 Qxd4 21. fxe6 Bxe6 $17)) 19... Bxg5 $2 (19... exf5 $1 $17 {stays on course. Strongly threatening ...N4d3!} 20. gxf5 Bxg5 21. Qxg5 N2d3 22. Bxd3 Nxd3) 20. Qxg5 $16 N4d3 $2 {[%mdl 8192] [#]} (20... exf5 $16 21. gxf5 N2d3 22. Bxd3 Nxd3) 21. Qf6 (21. fxg6 $142 $1 {[%mdl 512]} hxg6 (21... fxg6 22. Qf6) 22. Rxf7 $3 {[%mdl 512]} Qxd4+ 23. Be3) 21... Rf8 $18 {[#]} 22. Bg5 $1 {[%csl Gg5][%cal Rf6e7][%mdl 512]} Qb4 (22... Qd8 $142) 23. Bxd3 Nxd3 24. Rd2 Bb5 $2 (24... Qxd4+ 25. Kf1 Qxa1+ 26. Kg2 {[#]} Nf4+ $1 {[%mdl 512]} 27. Bxf4 Qc3) 25. fxe6 {White is clearly winning.} Qxd4+ 26. Kg2 {[%csl Gg5][%cal Rf6e7]} Nf4+ 27. Qxf4 $2 {Precision: White = 44%, Black = 34%.} (27. Bxf4 Qb4 28. Bg5) 1-0

[Event "III Copa Marcel Duchamp 2019"]
[Site "Montevideo"]
[Date "2019.02.11"]
[Round "4.16"]
[White "Rupel, David"]
[Black "Larrea, Manuel"]
[Result "1-0"]
[WhiteElo "1953"]
[BlackElo "2269"]
[Annotator "NA"]
[PlyCount "32"]
[EventDate "2019.02.09"]
[EventType "swiss"]
[EventCountry "URU"]
[SourceTitle "playchess.com"]
[Source "ChessBase"]
[SourceQuality "1"]
[TimeControl "5400+30"]

1. d4 Nf6 2. c4 e6 3. Nc3 d5 4. cxd5 exd5 5. Bg5 c6 6. e3 Bd6 7. Bd3 Nbd7 8. Nge2 Nf8 9. Bh4 Ng6 10. Bg3 O-O 11. Qc2 Re8 12. Bxd6 Qxd6 13. Ng3 b6 14. O-O Nh4 15. e4 dxe4 16. Ngxe4 Re7 1-0

[Event "III Copa Marcel Duchamp 2019"]
[Site "Montevideo"]
[Date "2019.02.11"]
[Round "4.16"]
[White "Rupel, David"]
[Black "Larrea, Manuel"]
[Result "*"]
[WhiteElo "1953"]
[BlackElo "2269"]
[Annotator "NA RC"]
[PlyCount "107"]
[EventDate "2019.02.09"]
[EventType "swiss"]
[EventCountry "URU"]
[SourceTitle "playchess.com"]
[Source "ChessBase"]
[SourceQuality "1"]
[TimeControl "5400+30"]

1. d4 Nf6 2. c4 e6 3. Nc3 d5 4. cxd5 exd5 5. Bg5 c6 6. e3 Bd6 7. Bd3 Nbd7 8. Nge2 Nf8 9. Bh4 Ng6 10. Bg3 O-O 11. Qc2 Re8 12. Bxd6 Qxd6 13. Ng3 b6 14. O-O Nh4 15. e4 dxe4 16. Ncxe4 Nxe4 17. Bxe4 Bd7 18. Bxh7+ Kh8 19. Be4 g6 20. Qc3 Kg8 21. Rfe1 Re7 22. Re3 Rae8 23. Rae1 Qf6 24. Bc2 Qg5 25. Rxe7 Rxe7 26. Rxe7 Qxe7 27. Qe3 Qxe3 28. fxe3 Be6 29. Ne2 Nf5 30. Kf2 Nd6 31. b3 Kg7 32. e4 f6 33. Ke3 g5 34. Ng3 Nb5 35. a4 Nc7 36. Ne2 Kf7 37. g3 Na6 38. h4 Nb4 39. Bd1 Kg6 40. Nc3 a6 41. h5+ Kh6 42. g4 Kg7 43. Nb1 a5 44. Nd2 Kf7 45. Nc4 Bxc4 46. bxc4 c5 47. d5 Na6 48. e5 fxe5 49. Ke4 Kf6 50. h6 Nb8 51. h7 Kg7 52. Kxe5 Kxh7 53. Ke6 Kg7 54. Ke7 *

[Event "III Copa Marcel Duchamp 2019"]
[Site "Montevideo"]
[Date "2019.02.11"]
[Round "4.17"]
[White "Carbone, Diego"]
[Black "Suarez, Pedro"]
[Result "1-0"]
[WhiteElo "2256"]
[BlackElo "1950"]
[Annotator "NA"]
[PlyCount "61"]
[EventDate "2019.02.09"]
[EventType "swiss"]
[EventCountry "URU"]
[SourceTitle "playchess.com"]
[Source "ChessBase"]
[SourceQuality "1"]
[TimeControl "5400+30"]

1. d4 Nf6 2. c4 e6 3. g3 b6 4. Bg2 d5 5. Nf3 Be7 6. Qa4+ Qd7 7. Qc2 c5 8. Ne5 Qc7 9. Bf4 Bd6 10. Nc3 a6 11. Qa4+ b5 12. cxb5 Nbd7 13. Nxd7 Bxd7 14. Bxd6 Qxd6 15. Qa3 Qb8 16. dxc5 axb5 17. Qb4 O-O 18. O-O Rc8 19. Rfc1 Ra7 20. Nd1 Rac7 21. Qd4 b4 22. Rc2 Qb5 23. Rac1 Be8 24. e3 Nd7 25. Bf1 Qa5 26. c6 Nb8 27. Rc5 Qxa2 28. Qxb4 Rxc6 29. Rxc6 Nxc6 30. Qb6 Qa7 31. Rxc6 1-0

[Event "III Copa Marcel Duchamp 2019"]
[Site "Montevideo"]
[Date "2019.02.11"]
[Round "4.18"]
[White "Dotta, Gian Franco"]
[Black "Coppola, Claudio"]
[Result "1/2-1/2"]
[WhiteElo "1896"]
[BlackElo "2209"]
[Annotator "NA"]
[PlyCount "69"]
[EventDate "2019.02.09"]
[EventType "swiss"]
[EventCountry "URU"]
[SourceTitle "playchess.com"]
[Source "ChessBase"]
[SourceQuality "1"]
[TimeControl "5400+30"]

1. e4 c5 2. Nf3 d6 3. d4 cxd4 4. Nxd4 Nf6 5. Nc3 g6 6. Be3 Bg7 7. f3 O-O 8. Qd2 Nc6 9. Bc4 Bd7 10. O-O-O Rc8 11. Bb3 Ne5 12. h4 h5 13. Bg5 Rc5 14. Kb1 Re8 15. Bh6 Nc4 16. Bxc4 Rxc4 17. Bxg7 Kxg7 18. g4 hxg4 19. h5 Rh8 20. hxg6 fxg6 21. f4 e5 22. Nde2 Rxh1 23. Rxh1 Nxe4 24. Nxe4 Rxe4 25. fxe5 Rxe2 26. Qh6+ Kf7 27. Qh7+ Ke6 28. Qxg6+ Kxe5 29. Rh5+ Kf4 30. Qxd6+ Kf3 31. Qd3+ Re3 32. Qf1+ Ke4 33. Qc4+ Kf3 34. Qf1+ Ke4 35. Qc4+ {Ke5} 1/2-1/2

[Event "III Copa Marcel Duchamp 2019"]
[Site "Montevideo"]
[Date "2019.02.11"]
[Round "4.19"]
[White "El Ters, Antouan"]
[Black "Durante, Aurelio"]
[Result "1-0"]
[WhiteElo "2205"]
[BlackElo "1941"]
[Annotator "NA"]
[PlyCount "89"]
[EventDate "2019.02.09"]
[EventType "swiss"]
[EventCountry "URU"]
[SourceTitle "playchess.com"]
[Source "ChessBase"]
[SourceQuality "1"]
[TimeControl "5400+30"]

1. e4 c5 2. Nf3 Nc6 3. d4 cxd4 4. Nxd4 e5 5. Nb5 a6 6. Nd6+ Bxd6 7. Qxd6 Qf6 8. Qd2 Nge7 9. b3 O-O 10. Ba3 Rd8 11. Nc3 b5 12. Nd5 Nxd5 13. exd5 Nd4 14. c3 Nf5 15. g3 Bb7 16. Bg2 Rac8 17. O-O Qb6 18. Qg5 g6 19. Rfc1 f6 20. Qd2 Nd6 21. Kh1 Re8 22. Re1 Nf7 23. Rac1 d6 24. Kg1 Rc7 25. c4 Rec8 26. Bf1 Ng5 27. Kg2 e4 28. Qf4 Nf3 29. Rxe4 Ne5 30. Qxf6 Rf7 31. c5 Rxf6 32. cxb6 Rxc1 33. Bxc1 Bxd5 34. f3 Bxe4 35. fxe4 Rf7 36. a4 Rb7 37. Be3 Nd7 38. a5 Nb8 39. b4 Kf7 40. Kf3 Re7 41. Bf4 Rd7 42. Bh3 Rd8 43. b7 Kf6 44. Bc8 g5 45. Be3 1-0

[Event "III Copa Marcel Duchamp 2019"]
[Site "Montevideo"]
[Date "2019.02.11"]
[Round "4.21"]
[White "Benoit, Rodrigo"]
[Black "Avedisian, Alexander"]
[Result "1-0"]
[WhiteElo "2189"]
[BlackElo "1921"]
[Annotator "NA"]
[PlyCount "59"]
[EventDate "2019.02.09"]
[EventType "swiss"]
[EventCountry "URU"]
[SourceTitle "playchess.com"]
[Source "ChessBase"]
[SourceQuality "1"]
[TimeControl "5400+30"]

1. c4 g6 2. d4 Nf6 3. g3 Bg7 4. Bg2 O-O 5. e4 d6 6. Ne2 Na6 7. O-O e5 8. Nbc3 exd4 9. Nxd4 Bg4 10. f3 Bd7 11. Be3 Re8 12. Re1 Nc5 13. Qd2 Ne6 14. Nc2 a5 15. b3 Bc6 16. Rac1 Nd7 17. Nd5 Ne5 18. h3 a4 19. f4 axb3 20. axb3 Nd7 21. b4 Bh6 22. Ra1 Rxa1 23. Rxa1 Nb6 24. Nxb6 cxb6 25. b5 Bxe4 26. Bxe4 Nxf4 27. Bxf4 g5 28. Qxd6 Qxd6 29. Bxd6 Rxe4 30. Nd4 1-0

[Event "III Copa Marcel Duchamp 2019"]
[Site "Montevideo"]
[Date "2019.02.11"]
[Round "4.22"]
[White "Trois, Francisco R.T."]
[Black "Hart, Alexander"]
[Result "1-0"]
[WhiteElo "2152"]
[BlackElo "1881"]
[Annotator "NA"]
[PlyCount "53"]
[EventDate "2019.02.09"]
[EventType "swiss"]
[EventCountry "URU"]
[SourceTitle "playchess.com"]
[Source "ChessBase"]
[SourceQuality "1"]
[TimeControl "5400+30"]

1. g3 d5 2. Nf3 Bg4 3. Bg2 Nd7 4. c4 e6 5. cxd5 exd5 6. h3 Bf5 7. Nc3 c6 8. O-O Ngf6 9. d3 Be7 10. Qc2 O-O 11. e4 dxe4 12. dxe4 Be6 13. Rd1 Qc8 14. Nd4 Nc5 15. Kh2 Rd8 16. b3 Na6 17. Be3 Nb4 18. Qe2 a5 19. Rac1 Na6 20. Na4 Ba3 21. Nb6 Qb8 22. Rb1 Ra7 23. Nxe6 fxe6 24. Rxd8+ Qxd8 25. e5 Ne8 26. Rd1 Qe7 27. Nc8 1-0

[Event "III Copa Marcel Duchamp 2019"]
[Site "Montevideo"]
[Date "2019.02.11"]
[Round "4.23"]
[White "Ruggiero, Alvaro"]
[Black "Munoz Perez, Rolando"]
[Result "0-1"]
[WhiteElo "1869"]
[BlackElo "2130"]
[Annotator "NA"]
[PlyCount "50"]
[EventDate "2019.02.09"]
[EventType "swiss"]
[EventCountry "URU"]
[SourceTitle "playchess.com"]
[Source "ChessBase"]
[SourceQuality "1"]
[TimeControl "5400+30"]

1. e4 e5 2. Bc4 d6 3. Nf3 Be7 4. c3 Nf6 5. Qb3 O-O 6. d3 c6 7. Bg5 b5 8. Bxf6 Bxf6 9. Bxb5 cxb5 10. Qd5 Qb6 11. Na3 a6 12. O-O Nc6 13. Qb3 Be6 14. Qc2 d5 15. Nd2 Rac8 16. exd5 Bxd5 17. c4 Nd4 18. Qd1 Bb7 19. b3 Rfd8 20. Rc1 Ne6 21. cxb5 axb5 22. Rxc8 Bxc8 23. Ne4 Be7 24. Nc2 Bb7 25. Qe2 Nf4 0-1

[Event "III Copa Marcel Duchamp 2019"]
[Site "Montevideo"]
[Date "2019.02.11"]
[Round "4.24"]
[White "Baudel, Simon"]
[Black "Sosa Macho, Juan Manuel"]
[Result "0-1"]
[WhiteElo "1847"]
[BlackElo "2079"]
[Annotator "NA"]
[PlyCount "58"]
[EventDate "2019.02.09"]
[EventType "swiss"]
[EventCountry "URU"]
[SourceTitle "playchess.com"]
[Source "ChessBase"]
[SourceQuality "1"]
[TimeControl "5400+30"]

1. f4 c5 2. Nf3 Nc6 3. g3 g6 4. Bg2 Bg7 5. c3 e6 6. d3 d5 7. O-O Nge7 8. e4 O-O 9. Na3 Rb8 10. Nc2 b5 11. Rb1 a5 12. Qe1 b4 13. Bd2 Ba6 14. exd5 exd5 15. Qe2 Re8 16. Rfe1 a4 17. c4 b3 18. axb3 Rxb3 19. Ne5 Nxe5 20. fxe5 dxc4 21. dxc4 Qb6 22. Bc3 Qe6 23. Ne3 Bxe5 24. Nd5 Nxd5 25. Bxd5 Bd4+ 26. Bxd4 Qxe2 27. Rxe2 Rxe2 28. Rf1 cxd4 29. Rxf7 Kh8 0-1

[Event "III Copa Marcel Duchamp 2019"]
[Site "Montevideo"]
[Date "2019.02.11"]
[Round "4.25"]
[White "Meza, Anahi"]
[Black "Pena Canapa, Alfredo"]
[Result "1-0"]
[WhiteElo "2058"]
[BlackElo "1867"]
[Annotator "NA"]
[PlyCount "75"]
[EventDate "2019.02.09"]
[EventType "swiss"]
[EventCountry "URU"]
[SourceTitle "playchess.com"]
[Source "ChessBase"]
[SourceQuality "1"]
[TimeControl "5400+30"]

1. d4 Nf6 2. c4 c5 3. d5 b5 4. cxb5 a6 5. bxa6 g6 6. Nc3 Bg7 7. Nf3 O-O 8. g3 d6 9. Bg2 Bxa6 10. O-O Nbd7 11. Rb1 Qc7 12. b3 Rfb8 13. Re1 Ng4 14. Bd2 Nge5 15. Nxe5 Nxe5 16. a4 Qb6 17. h3 Bc8 18. Ne4 Bf5 19. g4 Bxe4 20. Bxe4 Nd7 21. Bd3 Nf6 22. e4 Nd7 23. Bb5 Ra7 24. Be3 Bc3 25. Rf1 Qa5 26. Qc2 Rc7 27. Rfc1 Bb4 28. Qe2 Nf6 29. Bf4 Bc3 30. Qd3 Bd4 31. Be3 Bxe3 32. Qxe3 Qb4 33. Rc4 Qa5 34. Rbc1 Rbc8 35. Qg5 Qa7 36. e5 Nxd5 37. exd6 Nb6 38. dxc7 1-0

[Event "III Copa Marcel Duchamp 2019"]
[Site "Montevideo"]
[Date "2019.02.11"]
[Round "4.26"]
[White "Torella, Rodolfo"]
[Black "Alvarez Ramirez, Miguel Angel"]
[Result "1-0"]
[WhiteElo "2022"]
[BlackElo "2282"]
[Annotator "TA"]
[PlyCount "83"]
[EventDate "2019.02.09"]
[EventType "swiss"]
[EventCountry "URU"]
[SourceTitle "playchess.com"]
[Source "ChessBase"]
[SourceQuality "1"]

{[%evp 15,83,21,26,23,55,52,102,52,115,55,301,277,247,284,293,287,239,243,281,242,300,306,285,237,356,301,303,308,317,322,354,304,308,275,484,496,585,350,379,356,313,186,186,186,192,194,192,170,179,180,350,356,320,332,555,548,29975,29977,29974,29978,29977,29978,29979,29980,29980,29981,29985,29986,29986,29986]} 1. e4 Nf6 2. e5 Nd5 3. d4 d6 4. c4 Nb6 5. exd6 exd6 6. Nc3 Be7 7. Bd3 Nc6 8. Nge2 O-O 9. b3 {B03: Alekhine's Defence: Four Pawns Attack} (9. O-O Bf6 10. b3 Re8 11. Be3 Bg4 12. Qd2 Bxe2 13. Nxe2 d5 14. c5 Nd7 15. b4 a6 16. Rae1 Nf8 17. Bb1 {1-0 (37) Gelashvili,T (2563)-Berkes,F (2654) Minsk 2017}) 9... Bg4 10. Be3 f5 {White should prevent ...f4!} 11. h3 $146 {White is better.} ({Predecessor:} 11. Qd2 Kh8 12. O-O Bf6 13. f3 Bh5 14. Bxf5 Ne7 15. Bc2 Bg6 16. Ne4 Nf5 {1-0 (43) Ortiz,M (2174)-Granados Ortiz,F (2040) Managua 2018}) 11... Bh5 (11... Bxe2 $1 $14 12. Nxe2 Bg5) 12. g4 (12. Qd2 $16) 12... fxg4 $2 {[#]} (12... Bg6 $1 $14) 13. Bxh7+ Kxh7 14. hxg4 Bh4 15. gxh5 Qe7 {[#] ...Qxe3 is the strong threat.} 16. Qd3+ Kg8 17. Qe4 Bg5 18. Qxe7 Bxe7 19. Kd2 a5 (19... Kh7 $142 20. Nb5 Rfc8) 20. a4 Kh7 21. Rag1 Rae8 22. Rg4 Nd7 23. Rhg1 Rg8 24. Ne4 Ref8 $2 (24... Bf6 25. f3 Ne7 26. Nxf6+ gxf6 27. Rxg8 Rxg8 28. Rxg8 Kxg8) 25. Nf4 $18 Nf6 26. Nxf6+ Bxf6 27. Ne6 Rf7 28. Ng5+ (28. h6 $142) 28... Bxg5 29. Rxg5 ({Worse is} 29. Bxg5 Rxf2+ 30. Kd1 Rb2 $11) 29... b6 30. Rg6 Ne7 31. Re6 Nf5 32. Kd3 Nxe3 $2 (32... Rgf8 33. Rgg6 Rd7) 33. fxe3 {[%mdl 4096] Endgame KRR-KRR} ({Weaker is} 33. Kxe3 Rgf8 $16) 33... Rgf8 34. Rgg6 Rf6 $2 (34... Rf3 35. Re7 R8f7 36. Rxf7 Rxf7) 35. Rgxf6 Rxf6 36. Rxf6 {White mates.} gxf6 {KP-KP} 37. Ke4 Kh6 38. Kf5 Kxh5 39. Kxf6 Kg4 40. e4 c6 41. e5 d5 42. cxd5 {Accuracy: White = 67%, Black = 19%.} 1-0

[Event "III Copa Marcel Duchamp 2019"]
[Site "Montevideo"]
[Date "2019.02.11"]
[Round "4.27"]
[White "Visillac, Alejandro"]
[Black "Vazquez, Facundo"]
[Result "0-1"]
[WhiteElo "1803"]
[BlackElo "2019"]
[Annotator "NA"]
[PlyCount "80"]
[EventDate "2019.02.09"]
[EventType "swiss"]
[EventCountry "URU"]
[SourceTitle "playchess.com"]
[Source "ChessBase"]
[SourceQuality "1"]
[TimeControl "5400+30"]

1. e4 e6 2. d3 d5 3. Nd2 c5 4. Ngf3 Nf6 5. g3 Nc6 6. Bg2 g6 7. O-O Bg7 8. Re1 O-O 9. c3 a5 10. e5 Ng4 11. d4 cxd4 12. cxd4 f6 13. Bh3 h5 14. Qc2 fxe5 15. Qxg6 Qe8 16. Qxe8 Rxe8 17. dxe5 Ngxe5 18. Nxe5 Nxe5 19. Rb1 Nd3 20. Rf1 e5 21. Bg2 e4 22. b3 Bc3 23. h4 Kg7 24. Rd1 Bd4 25. Nxe4 dxe4 26. Be3 Bxe3 27. fxe3 Bg4 28. Rd2 Bf5 29. Rf1 Bg6 30. Bh3 Rf8 31. Rc2 Rxf1+ 32. Bxf1 Rf8 33. Rc4 Rf3 34. Rc7+ Rf7 35. Rc4 b5 36. Rd4 Rf3 37. Rd7+ Kh6 38. Rd6 Rxg3+ 39. Kh2 Rxe3 40. Bh3 Kg7 0-1

[Event "III Copa Marcel Duchamp 2019"]
[Site "Montevideo"]
[Date "2019.02.11"]
[Round "4.28"]
[White "Rey Besada, Fernando"]
[Black "Gaye, Gustavo"]
[Result "0-1"]
[WhiteElo "2135"]
[BlackElo "1984"]
[Annotator "NA"]
[PlyCount "38"]
[EventDate "2019.02.09"]
[EventType "swiss"]
[EventCountry "URU"]
[SourceTitle "playchess.com"]
[Source "ChessBase"]
[SourceQuality "1"]
[TimeControl "5400+30"]

1. e4 g6 2. d4 Bg7 3. Nc3 c5 4. Nf3 cxd4 5. Nxd4 Nc6 6. Be3 Nf6 7. f3 O-O 8. Qd2 d5 9. exd5 Nxd5 10. Nxd5 Qxd5 11. Nxc6 Qxc6 12. Rb1 Be6 13. a3 Ba2 14. Rd1 Bxb2 15. Bd4 Rfd8 16. Bxb2 Rxd2 17. Rxd2 Bc4 18. Be2 Bxe2 19. Rxe2 Qb6 0-1

[Event "III Copa Marcel Duchamp 2019"]
[Site "Montevideo"]
[Date "2019.02.11"]
[Round "4.29"]
[White "Sarquis, Maria Belen"]
[Black "Vinella, Marcelo"]
[Result "1-0"]
[WhiteElo "2164"]
[BlackElo "1698"]
[Annotator "NA"]
[PlyCount "47"]
[EventDate "2019.02.09"]
[EventType "swiss"]
[EventCountry "URU"]
[SourceTitle "playchess.com"]
[Source "ChessBase"]
[SourceQuality "1"]
[TimeControl "5400+30"]

1. e4 d5 2. exd5 Qxd5 3. Nc3 Qd6 4. d4 Nf6 5. Nf3 c6 6. g3 Bg4 7. Bg2 e6 8. O-O Qc7 9. h3 Bh5 10. g4 Bg6 11. Ne5 Nbd7 12. Bf4 Bd6 13. Re1 O-O-O 14. Qf3 Nd5 15. Bg3 N7f6 16. a3 Ne7 17. b4 h5 18. b5 hxg4 19. hxg4 Nfd5 20. bxc6 bxc6 21. Nxd5 exd5 22. Re3 f6 23. Nxg6 Nxg6 24. Qf5+ 1-0